000 00340nam a22001457a 4500
003 SGT
020 _a9788184876871
082 _a620,SUC
100 _aSUCHARITPWATSKUL S.
245 _aFINITE ELEMENT ANALYSIS WITH COMSOL
260 _aNEW DELHI
_bNAROSA PUB.HOUSE
_c2019
300 _a303
650 _aENGINEERING
942 _2ddc
_cBK
999 _c24963
_d24963